Law of Torts (Record no. 9577)

MARC details
000 -LEADER
fixed length control field 00488nam a2200205 a 4500
003 - CONTROL NUMBER IDENTIFIER
control field PK-NaQUE
005 - DATE AND TIME OF LATEST TRANSACTION
control field 20260512133206.0
008 - FIXED-LENGTH DATA ELEMENTS--GENERAL INFORMATION
fixed length control field 260512b |||||||| |||| 00| 0 eng d
020 ## - INTERNATIONAL STANDARD BOOK NUMBER
International Standard Book Number 9789393415
020 ## - INTERNATIONAL STANDARD BOOK NUMBER
International Standard Book Number 978-9789393411
040 ## - CATALOGING SOURCE
Transcribing agency QUEST
100 1# - MAIN ENTRY--PERSONAL NAME
Personal name Jhabvala, Noshirvan H.
245 14 - TITLE STATEMENT
Title Law of Torts
250 ## - EDITION STATEMENT
Edition statement 3rd ed.
260 ## - PUBLICATION, DISTRIBUTION, ETC. (IMPRINT)
Place of publication, distribution, etc [S.l.] :
Name of publisher, distributor, etc N.M. Tripathi & Co,
Date of publication, distribution, etc 1965.
300 ## - PHYSICAL DESCRIPTION
Extent 159 p.
650 ## - SUBJECT ADDED ENTRY--TOPICAL TERM
Topical term or geographic name as entry element Law of Torts
856 40 - ELECTRONIC LOCATION AND ACCESS
Link text Download eBook
942 ## - ADDED ENTRY ELEMENTS (KOHA)
Source of classification or shelving scheme Dewey Decimal Classification
Koha item type Books
Holdings
Withdrawn status Lost status Damaged status Not for loan Home library Current library Date acquired Total Checkouts Full call number Barcode Date last seen Price effective from Koha item type
        Central Library, QUEST, Nawabshah Central Library, QUEST, Nawabshah 08/09/2014   JHA 17705 08/09/2014 08/09/2014 Books
        Central Library, QUEST, Nawabshah Central Library, QUEST, Nawabshah 09/09/2014   JHA 17682 09/09/2014 09/09/2014 Books